Culture Générale - Série 1889 - Statistiques

Statistiques générales
  • Ce quiz a été pris 69 fois
  • Le résultat moyen est 2 sur 10
Statistiques - réponses
Question Réponse % Correct
Quel nom donne-t-on à la voiture au Québec ? char
77%
Quel nom donnait-on à une jeune fille qu'on récompensait pour sa réputation vertueuse ? rosière
35%
Quel nom, synonyme de "harem",désigne l'appartement des femmes dans les maisons grecques et romaines ? gynécée
34%
Qui a écrit la pièce de théâtre " Knock ou le triomphe de la médecine" en 1923 ? Jules Romains
23%
Comment s'appelle la tragédie en 5 actes écrite par Pierre Corneille en 1635 ? Le titre porte le nom de la femme infanticide de Jason (héros de la mythologie grecque). voir photo Médée
17%
Quel fleuve arrose la ville italienne de Vérone ? Adige
9%
Comment appelle-t-on la religieuse qui dans un couvent de religieuses contemplatives strictement cloîtrées, telles les Carmélites et Clarisses, est responsable de toutes les relations avec le monde extérieur, que ce soit le ravitaillement du couvent, les contacts administratifs avec l'extérieur, ou la réception des visiteurs et parents ? tourière
8%
Dans quelle république russe se trouvent les lacs "Onega" et "Ladoga" ? Carélie
5%
Au Vatican, comment appelle-t-on le tribunal d'appel du Saint-Siège ? rote
3%
Quel nom donne-t-on à un canard sauvage mâle ? malart
2%
Aucun quiz correspondant
Distribution des résultats
% des personnes avec chaque résultat
Percentile par nombre de réponses
Votre historique - résultats
Vous n’avez pas pris ce quiz